Normal view
MARC view
- Hart, F. Dudley
Entry Personal Name
001 - CONTROL NUMBER
- control field: 126216
003 - CONTROL NUMBER IDENTIFIER
- control field: NUST
005 - DATE AND TIME OF LATEST TRANSACTION
- control field: 20241002122948.0
008 - FIXED-LENGTH DATA ELEMENTS
- fixed length control field: 241002|| aca||aabn | a|a d
040 ## - CATALOGING SOURCE
- Original cataloging agency: NUST
- Transcribing agency: NUST
100 ## - HEADING--PERSONAL NAME
- Personal name: Hart, F. Dudley
- Fuller form of name: (Francis Dudley)
670 ## - SOURCE DATA FOUND
- Source citation: Work cat.: (NUST)611574: French, Herbert, 1875-1951. 126214, French's index of differential diagnosis /, 1985.
